Sports Quiz

Random Sports or Country Quiz

Criteria Countries: 2014 FIFA World Cup Edition Quiz Stats

 Plays Quiz Updated Feb 2, 2019

Score 0/11 Timer 07:00
11 Plays Today
% Correct
???
100%
???
47.3%
???
26.4%
???
19.5%
???
15.9%
???
14.8%
???
12.7%
???
12%
???
11.2%
???
11%
???
11%

You're not logged in!

Compare scores with friends on all Sporcle quizzes.
OR
Log In

Show Comments

Extras

Top Quizzes Today


Score Distribution

Your Account Isn't Verified!

In order to create a playlist on Sporcle, you need to verify the email address you used during registration. Go to your Sporcle Settings to finish the process.

Report this User

Report this user for behavior that violates our Community Guidelines.

Details: